Destructive and useful insects. Their habits and control
সংরক্ষণ করুন:
| প্রধান লেখক: | , |
|---|---|
| বিন্যাস: | গ্রন্থ |
| ভাষা: | ইংরেজি |
| প্রকাশিত: |
Nueva York
McGraw-Hill
1951
|
| সংস্করন: | 3a. ed |
| মালা: | McGraw-Hill Publications in the Agricultural Sciences
|
| বিষয়গুলি: | |
| ট্যাগগুলো: |
ট্যাগ যুক্ত করুন
কোনো ট্যাগ নেই, প্রথমজন হিসাবে ট্যাগ করুন!
|
MARC
| LEADER | 00000nam a2200000 a 4500 | ||
|---|---|---|---|
| 001 | UCT5310 | ||
| 003 | CL-VaPUC | ||
| 008 | 961205e19510000US |||||||||||||||||eng|d | ||
| 082 | 0 | 4 | |a 595.7 |b MET |2 21 |
| 100 | |a Metcalf, Clell Lee |e autor |9 395520 | ||
| 700 | 0 | |a Flint, W. P |e author |9 374685 | |
| 245 | 1 | 0 | |a Destructive and useful insects. Their habits and control |
| 250 | |a 3a. ed | ||
| 300 | |a 1071 p | ||
| 942 | |c BK | ||
| 945 | |d 19961205 00:00:00 |a lriquelm | ||
| 260 | |a Nueva York |b McGraw-Hill |c 1951 | ||
| 650 | 0 | |a Insectos |9 264174 | |
| 650 | 0 | |a Artrópodos |9 269503 | |
| 650 | 0 | |a Organismos vivos |9 264556 | |
| 650 | 0 | |a Entomología |9 269835 | |
| 650 | 7 | |a CONTROL DE INSECTOS |2 CL-VaPUC |9 269671 | |
| 650 | 0 | |a Control de plagas |9 327373 | |
| 583 | |a last modification |c 19961205 00:00:00 |k Rodrigo Vera | ||
| 490 | 0 | |a McGraw-Hill Publications in the Agricultural Sciences | |
| 999 | |c 254262 |d 254260 | ||